Culture Générale - Clic Quiz - La réponse est un jouet - Statistiques

Statistiques générales
  • Ce quiz a été pris 199 fois
  • Le résultat moyen est 16 sur 30
Statistiques - réponses
Hint Réponse % Correct
A la mode comme loisir à la fin des années 1950 sous le nom hula hoop Cerceau
91%
De cire et de son dans la chanson victorieuse interprétée par France Gall à l'Eurovision 1965 Poupée
88%
Animal de compagnie numérique portable créé en 1996 Tamagotchi
86%
Marque qui a pour slogan « En avant les histoires » Playmobil
85%
Parmi les plus célèbres Kermit la grenouille dans le Muppet Show et PPD dans Les Guignols de l'info Marionnette
79%
On dit parfois d'une voix perçante et désagréable que c'est une voix de _________ Crécelle
76%
Compléte le nom de l'émission de téléréalité d'origine britannique (arrivée en 2020 en France sur M6) dans laquelle des équipes s'affrontent pour construire le meilleur projet : _________ Masters Lego
75%
Couvre-chef, que l’on trouve souvent dans diverses armées Calot
68%
En chimie, récipient de laboratoire Ballon
61%
Compléte le nom du film américano-japonais réalisé par David Leitch et sorti en 2022 : "Bullet _________" Train
61%
Single d'Aya Nakamura extrait de l'album Aya sorti en 2020 aux dizaines de millions de vues sur You Tube Doudou
59%
Compléte le nom de la photographie célèbre de la Terre prise le 7 décembre 1972 par l'équipage d'Apollo 17 lors de son voyage vers la Lune : La _________ bleue Bille
58%
Commune française limitrophe de Paris (Nord-Est) située dans le département de la Seine-Saint-Denis de 60 800 habitants en 2021 Pantin
57%
Nom du chef de la section IV dans les services de la police de sûreté allemande basée à Lyon, durant l'occupation de la France par l'Allemagne nazie Barbie
56%
Parmi les gammes en version articulées les plus vendues, on peut citer les G.I. Joe, les Action Man et les C.O.P.S 'N' Crooks de chez Hasbro Figurine
56%
Attraction de type pendule, principalement utilisée dans les fêtes foraines et parfois les parcs d'attractions : __________ volant Tapis
55%
Compléte le nom de la série de bande dessinée franco-belge créée par le scénariste A.-P. Duchâteau et le dessinateur Tibet : "Ric _________" Hochet
54%
Côté intérieur du virage en course hippique Corde
53%
Tableau (1890-91) de Paul Cézanne conservé au musée de l'Ermitage de Saint-Pétersbourg : Les __________s Baigneur
48%
Groupe italien de pop et Italo disco, actif entre 1983 et 1990 (leur chanson Endless Refrain a connu un succès en France en 1985-86) Meccano
45%
Personnage du dessin animé Oui-Oui ("un gourmand qui bégaye") Culbuto
42%
Jouet en forme de ressort, fait de métal ou de plastique qui est capable de descendre les marches d'un escalier une fois son mouvement amorcé Slinky
41%
Dans les centres de détention, nom donné au dispositif bricolé avec une ficelle par les détenus afin de se transmettre de petits objets d'une cellule à l'autre Yoyo
41%
Tissu à poils moins serrés et plus longs que ceux du velours Peluche
33%
Voiture volante au cinéma dans le film Blade Runner de Ridley Scott de 1982 Spinner
30%
Forme la plus élaborée de la danse appelée valse musette Toupie
26%
Terme qui apparaît pour la 1ere fois dans la pièce de théâtre (science-fiction) R. U. R., écrite en 1920 par l'auteur Karel Čapek. Le mot a été créé par son frère Josef à partir d'un mot tchèque qui signifie « travail, besogne, corvée » Robot
25%
Cadeau de départ en retraite que reçoit Serge Pilardosse joué par Gérard Depardieu dans le film Mammuth sorti en 2010 Puzzle
22%
Répandu auprès des enfants du monde rural et alpestre, plus particulièrement valdôtain, elle constitue le reflet ludique du milieu de vie Cornaille
18%
Un Sommet du massif du Jura culminant à 1 291 m d'altitude situé en Suisse : Les _________s Tablette
7%
Aucun quiz correspondant
Distribution des résultats
% des personnes avec chaque résultat
Percentile par nombre de réponses
Votre historique - résultats
Vous n’avez pas pris ce quiz